Jak dobrze znasz Polskę? - Statystyki

Ogólne statystyki
  • Ten quiz został rozwiązany 719 razy
  • Średni wynik to 13 z 20
Statystyki odpowiedzi
Pytanie Odpowiedź % Poprawnych
W Polsce jest ile województw? 16
98%
Hymnem państwowym jest? Mazurek Dąbrowskiego
96%
Najdłuższą rzeką w Polsce jest? Wisła
91%
Z kim Polska graniczy na zachodzie? Niemcy
89%
Jaka była druga stolica Polski? Kraków
88%
Kiedy Mieszko I przyjął chrzest siebie jak i swojego państwa? 966
86%
Jak się nazywał papież z Polski? Karol Wojtyła
86%
Którego roku Polska dołączyła do Unii Europejskiej? 2004
84%
W którym roku Polska odzyskała niepodległość po 123 latach niewoli? 1918
82%
A kto pierwszym królem? Bolesław Chrobry
82%
W którym roku Polska zmieniła ustrój z komunizmu? 1989
68%
Którego roku Polska dołączyła do NATO? 1999
67%
Od jakiego plemienia wywodzi się nazwa Polski? Polanie
63%
Którego roku odbył się pierwszy rozbiór Polski? 1772
57%
W roku 1997 ile było województw w Polsce? 49
54%
Kto był pierwszym prezydentem Polski? Gabriel Narutowicz
47%
Kto w Polsce jest odpowiedzialny za władzę ustawodawczą? Sejm i senat
36%
Pierwszym królem elekcyjnym został? Henryk Walezy
31%
Jak nazywała się organizacja wojskowa w której była Polska była przed dołączeniem do NATO Układ Warszawski
28%
Z jakiej dynastii wywodził się król Polski August II Mocny? Wettynów
11%
Nie znaleziono quizów pasujących do podanych kryteriów
Rozkład punktacji
Procent ludzi z każdym wynikiem
Percentyl według liczby udzielonych odpowiedzi
Twoja historia wyników
Nie rozwiązałeś tego quizu